|
|
|
|
| LEADER |
01245nam a2200301 a 4500 |
| 001 |
32307 |
| 003 |
BD-DhAAL |
| 005 |
20171121161326.0 |
| 008 |
171121s2015 bg a b i000 0 eng d |
| 999 |
|
|
|c 38595
|d 38595
|
| 010 |
|
|
|a \\\00440980
|
| 020 |
|
|
|a 9789843407337
|
| 040 |
|
|
|a DLC
|c DLC
|d DLC
|d BD-DhAAL
|
| 082 |
0 |
0 |
|a 599.168095492
|2 21
|
| 245 |
0 |
0 |
|a Red list of Bangladesh,
|n volume 1 :
|b summary
|
| 260 |
|
|
|a Dhaka :
|b IUCN Bangladesh,
|c 2015
|
| 300 |
|
|
|a xvi, 121 pages :
|b photographs ;
|c 24 cm.
|
| 490 |
|
|
|a The IUCN Red List of Threatened Species
|
| 500 |
|
|
|a "IUCN--The World Conservation Union."
|
| 504 |
|
|
|a Includes bibliographical references (p. 59-62).
|
| 526 |
|
|
|a AAL
|
| 541 |
1 |
|
|e 32307
|a IUCN
|
| 650 |
|
0 |
|a Endangered species
|z Bangladesh.
|9 23833
|
| 710 |
2 |
|
|a International Union for Conservation of Nature and Natural Resources.
|9 23834
|
| 710 |
2 |
|
|a International Union for Conservation of Nature and Natural Resources.
|b Bangladesh Country Office.
|9 23835
|
| 852 |
4 |
|
|a Ayesha Abed Library
|j General shelf
|
| 942 |
|
|
|2 ddc
|c BK
|
| 952 |
|
|
|0 0
|1 0
|2 ddc
|4 0
|6 599_168095492000000_RED
|7 0
|9 61909
|a BRACUL
|b BRACUL
|c GEN
|d 2017-11-21
|e Complementary copy from IUCN
|l 1
|o 599.168095492 RED
|p 3010032307
|r 2019-04-07
|s 2019-03-28
|t 1
|w 2017-11-21
|y BK
|